Breve historia de las fronteras de Chile

সংরক্ষণ করুন:
গ্রন্থ-পঞ্জীর বিবরন
প্রধান লেখক: Eyzaguirre Gutiérrez, Jaime (autor)
বিন্যাস: গ্রন্থ
ভাষা:স্প্যানিশ
প্রকাশিত: Santiago Universitaria 1973
সংস্করন:4a. ed
মালা:Imagen de Chile
বিষয়গুলি:
ট্যাগগুলো: ট্যাগ যুক্ত করুন
কোনো ট্যাগ নেই, প্রথমজন হিসাবে ট্যাগ করুন!

MARC

LEADER 00000nam a2200000 a 4500
001 UCU2003
003 CL-VaPUC
008 960419e19730000CL |||||||||||||||||spa|d
082 0 4 |a 327.83  |b EYZ  |2 21 
100 |a Eyzaguirre Gutiérrez, Jaime  |e autor  |9 584583 
245 1 0 |a Breve historia de las fronteras de Chile 
250 |a 4a. ed 
300 |a 112 p 
942 |c BK 
945 |d 19960419 00:00:00  |a lriquelm 
260 |a Santiago  |b Universitaria  |c 1973 
650 0 |a Fronteras  |9 338773 
650 0 |a Relaciones Internacionales  |9 255740 
650 0 |a Acuerdos internacionales  |9 337381 
651 7 |a CHILE  |2 CL-VaPUC  |9 357824 
651 0 |a Perú  |9 256567 
651 0 |a Bolivia  |9 255454 
651 0 |a Argentina  |9 254888 
651 0 |a Antártica (Antártida)  |9 324088 
583 |a last modification  |c 19960419 00:00:00  |k Rodrigo Vera 
490 0 |a Imagen de Chile 
999 |c 246410  |d 246408